Statistics for Bob Marley Albums Tile Select

Click here to take the quiz!

General Stats

  • This quiz has been taken 27 times
  • The average score is 26 of 54

Answer Stats

QuestionTileSelect% Correct
the following songs that are on Catch a Fire (1973).Bend Down LowNo
88%
the following songs that are on Catch a Fire (1973).Rat RaceNo
82%
the following songs that are on Exodus (1977).Night ShiftNo
76%
the following songs that are on Exodus (1977).Positive VibrationNo
71%
the following songs that are on Exodus (1977).JammingYes
65%
the following songs that are on Kaya (1978).One DropNo
65%
the following songs that are on Catch a Fire (1973).Stir It UpYes
65%
the following songs that are on Catch a Fire (1973).Trenchtown RockNo
65%
the following songs that are on Uprising (1980).ZimbabweNo
65%
the following songs that are on Kaya (1978).Africa UniteNo
59%
the following songs that are on Kaya (1978).Chant Down BabylonNo
59%
the following songs that are on Catch a Fire (1973).Concrete JungleYes
59%
the following songs that are on Exodus (1977).Misty MorningNo
59%
the following songs that are on Catch a Fire (1973).Rasta Man ChantNo
59%
the following songs that are on Uprising (1980).So Much Trouble in the WorldNo
59%
the following songs that are on Kaya (1978).Turn Your Lights Down LowNo
59%
the following songs that are on Catch a Fire (1973).400 YearsYes
53%
the following songs that are on Uprising (1980).Babylon SystemNo
53%
the following songs that are on Uprising (1980).Buffalo SoldierNo
53%
the following songs that are on Exodus (1977).One Love/ People Get ReadyYes
53%
the following songs that are on Kaya (1978).Sun Is ShiningYes
53%
the following songs that are on Exodus (1977).Three Little BirdsYes
53%
the following songs that are on Catch a Fire (1973).Baby We've Got a Date (Rock It Baby)Yes
47%
the following songs that are on Kaya (1978).Forever Loving JahNo
47%
the following songs that are on Burnin' (1973).Get Up, Stand UpYes
47%
the following songs that are on Burnin' (1973).I Shot the SheriffYes
47%
the following songs that are on Burnin' (1973).Lively Up YourselfNo
47%
the following songs that are on Burnin' (1973).Natural MysticNo
47%
the following songs that are on Uprising (1980).Redemption SongYes
47%
the following songs that are on Burnin' (1973).Small AxeYes
47%
the following songs that are on Natty Dread (1974).Soul RebelNo
47%
the following songs that are on Burnin' (1973).Stop That TrainNo
47%
the following songs that are on Uprising (1980).Could You Be LovedYes
41%
the following songs that are on Kaya (1978).Is This LoveYes
41%
the following songs that are on Burnin' (1973).Johnny WasNo
41%
the following songs that are on Uprising (1980).Real SituationYes
41%
the following songs that are on Natty Dread (1974).Slave DriverNo
41%
the following songs that are on Exodus (1977).Waiting in VainYes
41%
the following songs that are on Uprising (1980).Coming in from the ColdYes
35%
the following songs that are on Burnin' (1973).One FoundationYes
35%
the following songs that are on Natty Dread (1974).RevolutionYes
35%
the following songs that are on Natty Dread (1974).Roots, Rock, ReggaeNo
35%
the following songs that are on Kaya (1978).Satisfy My SoulYes
35%
the following songs that are on Exodus (1977).So Much Things to SayYes
35%
the following songs that are on Natty Dread (1974).Talkin' BluesYes
35%
the following songs that are on Exodus (1977).The HeathenYes
35%
the following songs that are on Natty Dread (1974).Them Belly Full (But We Hungry)Yes
35%
the following songs that are on Uprising (1980).Zion TrainYes
35%
the following songs that are on Burnin' (1973).Duppy ConquerorYes
29%
the following songs that are on Catch a Fire (1973).Midnight RaversYes
29%
the following songs that are on Natty Dread (1974).No Woman, No CryYes
29%
the following songs that are on Natty Dread (1974).Pass It OnNo
29%
the following songs that are on Natty Dread (1974).Rebel Music (3 O'Clock Roadblock)Yes
24%
the following songs that are on Kaya (1978).She's GoneYes
24%

Score Distribution

Percentile by Number Answered

Percent of People with Each Score

Your Score History

You have not taken this quiz